| 000 | 00584nam a2200181 a 4500 | ||
|---|---|---|---|
| 005 | 20210223120526.0 | ||
| 008 | 991125s1973 cl 000 0 spa u | ||
| 035 | _aUPN01000002836 | ||
| 049 | _aCG | ||
| 050 | 4 |
_aQA433 _bH7.28 |
|
| 100 | 1 | _aHsu, Hwei P. | |
| 245 | 1 | 0 |
_aAnálisis vectorial / _cHwei P. Hsu ; tr. Hernando Alfonso Castillo. |
| 260 |
_aBogotá : _bFondo Educativo Interamericano, _c1973. |
||
| 300 |
_a286 p. : _bil. |
||
| 440 | 0 |
_aFondo educativo. _pTeoría y problemas con solución |
|
| 650 | 4 |
_aANALISIS VECTORIAL - _vPROBLEMAS, EJERCICIOS, ETC. _9563 |
|
| 905 | _aLibro | ||
| 999 |
_c2836 _d2836 |
||